Catálogo
 En Linea

Efecto de diferentes densidades de siembra en peces (carpa espejo) Vs. alimentación suplementaria.. (Registro nro. 35535)

Detalles MARC
000 -CABECERA
campo de control de longitud fija 00490nam a2200145 a 4500
001 - NÚMERO DE CONTROL
campo de control 000036044
005 - FECHA Y HORA DE LA ÚLTIMA TRANSACCIÓN
campo de control 20200930074828.0
008 - DATOS DE LONGITUD FIJA--INFORMACIÓN GENERAL
campo de control de longitud fija 111124s1993 dr 000 spa d
040 ## - FUENTE DE LA CATALOGACIÓN
Centro catalogador/agencia de origen DO-SdBNP
Lengua de catalogación spa
Centro/agencia transcriptor BNPHU
082 ## - NÚMERO DE LA CLASIFICACIÓN DECIMAL DEWEY
Número de clasificación xxx
Número de documento/Ítem F271
245 #0 - MENCIÓN DE TÍTULO
Título Efecto de diferentes densidades de siembra en peces (carpa espejo) Vs. alimentación suplementaria..
260 ## - PUBLICACIÓN, DISTRIBUCIÓN, ETC.
Lugar de publicación, distribución, etc. Santo Domingo :
Nombre del editor, distribuidor, etc. Fundación de Desarrollo Agropecuario,
Fecha de publicación, distribución, etc. 1993.
300 ## - DESCRIPCIÓN FÍSICA
Extensión 21 p. ;
Dimensiones 28 cm.
590 ## - NOTA LOCAL (RLIN)
Nota local Inventariado, 2019 / DG
Existencias
Estado de retiro Estado de pérdida No para préstamo Código de colección Localización permanente Ubicación/localización actual Ubicación en estantería Fecha de adquisición Número de inventario Total de préstamos Signatura topográfica completa Código de barras Fecha visto por última vez Precio válido a partir de Tipo de ítem Koha Número de copia
    Excluido de préstamo Patrimonio Dominicano Patrimonio Dominicano Patrimonio Dominicano Depósito 24.11.2011 LF1   xxx F271 36044-10 25.06.2020 25.06.2020 Libro y Folleto Colección Patrimonio Dominicano  
  Extraviado Excluido de préstamo Patrimonio Dominicano Patrimonio Dominicano Patrimonio Dominicano Extraviado 24.11.2011 LF1   xxx F271 36044-20 25.06.2020 25.06.2020 Libro y Folleto Colección Patrimonio Dominicano e.2
      Patrimonio Dominicano Patrimonio Dominicano Patrimonio Dominicano Orden iniciada 24.11.2011 LF1   xxx F271 36045-10 25.06.2020 25.06.2020 Libro y Folleto Colección Patrimonio Dominicano  

Con tecnología Koha